000 01211nam a2200313 a 4500
003 AR-BaBNM
005 20251128204729.0
008 082120s2002 ||||||||||||||000 | spa||
020 _a950-507-415-4
040 _cAR-BaBNM
100 1 _aPeluso, Santiago
245 0 0 _aConstitución de la Nación Argentina
_bSanta Fe - Paraná 1994 : reemplaza al texto hasta ahora vigente de 1853 con las reformas de 1860, 1866, 1898 y 1957 : guía didáctica para su estudio y reflexión ciudadana
260 _aBuenos Aires
_bBonum
_c1995
300 _a316 p.
500 _aApéndice: p. 293-306
500 _aCon cuadros sinópticos
500 _aEstá dedicado a todos los estudiantes que quieren ser buenos ciudadanos, a todos los ciudadanos que queremos seguir aprendiendo a ser mejores personas, a todas las personas que sueñan y trabajan por vivir en una sociedad mejor
650 4 _aCONSTITUCIONES
650 4 _aREFORMA CONSTITUCIONAL
650 4 _aDERECHO CONSTITUCIONAL
650 4 _aTRATADOS
650 4 _aTRABAJO DE INVESTIGACION
650 4 _aHISTORIA POLITICA
650 4 _aDERECHOS HUMANOS
650 4 _aHISTORIA CONSTITUCIONAL
651 4 _aArgentina
942 _cBK
998 _cGrace
999 _c8597
_d8597